Music Quiz

Random Music or Lyrics Quiz

Thunder Road Quiz Stats

 Plays Quiz not verified by Sporcle

Also try: 'Song' Songs
Challenge
Share
Tweet
Embed
Score 0/65 Timer 11:00
0 Plays Today
% Correct
The screendoor slams,
84.4%
for a saviour to rise from these streets
83%
as the radio plays
67.4%
Like a vision she dances across the porch
67%
Mary's dress waves
65.8%
Hey, that's me, and I want you only
57.1%
Roy Orbison singing for the lonely
55.9%
Don't turn me home again
51.9%
I just can't face myself alone again
51.3%
Don't run back inside,
48.5%
You ain't a beauty, but hey, you're alright
45.1%
darling, you know just what I'm here for
44.9%
Show a little faith, there's magic in the night
44%
Whoa, oh, oh, oh
40.5%
Oh, and that's alright with me
39.3%
Oh Thunder Road
36.8%
Thunder Road
35.4%
Thunder Road!
35.4%
So you're scared and you're thinking that maybe we ain't that young anymore
33%
Well now, I'm no hero, that's understood
32.1%
is beneath this dirty hood
29.2%
All the redemption I can offer, girl
29%
Oh, oh, come take my hand
28.3%
throw roses in the rain,
27.8%
except roll down the window
27.2%
waste your summer praying in vain
26.8%
and let the wind blow back your hair
26.5%
We got one last chance to make it real
26.4%
You can hide 'neath your covers and study your pain
26.2%
Hey, what else can we do now
25.3%
With a chance to make it good somehow
22.3%
These two lanes will take us anywhere
21.2%
Well I got this guitar and I learned how to make it talk
20.8%
% Correct
To trade in these wings on some wheels
20.4%
And my car's out back
20.2%
Make crosses from your lovers,
19.9%
Climb in back,
19.6%
from your front porch to my front seat
19%
if you're ready to take that long walk
18.9%
Well, the night's bustin' open
18.6%
The door's open but the ride ain't free
18.1%
we can make it if we run
16.8%
Hey, I know it's late,
15.8%
It's a town full of losers
14.2%
Oh, Thunder Road, oh Thunder Road
13.4%
And I'm pulling out of here to win
13.1%
Lying out there like a killer in sun
12.4%
take hold,
11.8%
They haunt this dusty, beach road
11.3%
They scream your name at night in the street
10.7%
Your graduation gown lies in rags at their feet
9.6%
of all the boys you sent away
9.5%
And in the lonely cool before dawn,
9.4%
There were ghosts in the eyes
9.1%
You hear their engines roaring on
8.7%
in the skeleton frames of burned-out Chevrolets
8.3%
And I know you're lonely
8.1%
all the promises will be broken
7.9%
for words that I ain't spoken
7.1%
Ridin' out tonight to case the promised land
6.5%
But tonight we'll be free;
5.9%
But when you get to the porch, they're gone
5.7%
Heaven's waiting on down the tracks
5.3%
on the wind, so Mary, climb in
4.5%
Stand tight,
3%

You're not logged in!

Compare scores with friends on all Sporcle quizzes.
OR
Log In

You Might Also Like...

Show Comments

Extras

Top Quizzes Today


Score Distribution

Your Account Isn't Verified!

In order to create a playlist on Sporcle, you need to verify the email address you used during registration. Go to your Sporcle Settings to finish the process.

Report this User

Report this user for behavior that violates our Community Guidelines.

Details: